Libro de los tropiezos (Record no. 7486)

MARC details
000 -LEADER
campo de control de longitud fija 00822nam a2200229 i 4500
001 - NÚMERO DE CONTROL
campo de control 7486
003 - IDENTIFICADOR DE NÚMERO DE CONTROL
campo de control ES-MaACL
005 - FECHA Y HORA DE LA ÚLTIMA TRANSACCIÓN
campo de control 20230906145238.0
007 - CAMPO FIJO DE DESCRIPCIÓN FÍSICA--INFORMACIÓN GENERAL
campo de control de longitud fija t|
008 - DATOS DE LONGITUD FIJA--INFORMACIÓN GENERAL
campo de control de longitud fija 910123s1989 sp |||| | spa d
020 ## - NÚMERO INTERNACIONAL ESTÁNDAR DEL LIBRO
Número Internacional Estándar del Libro 84-404-3761-7
080 ## - NÚMERO DE LA CLASIFICACIÓN DECIMAL UNIVERSAL
Número de la Clasificación Decimal Universal 86-821"19"
100 1# - ENTRADA PRINCIPAL--NOMBRE DE PERSONA
Nombre de persona García Domínguez, Raimundo.
9 (RLIN) 54547
245 10 - MENCIÓN DEL TÍTULO
Título Libro de los tropiezos
Resto del título : con Fraga, Victoria Armesto y los socialistas históricos, Piñeiro, Sabell y Albor, Franqueira y sus Cooperativas /
Mención de responsabilidad, etc. [Raimundo García Domínguez].
260 ## - PUBLICACIÓN, DISTRIBUCIÓN, ETC.
Lugar de publicación, distribución, etc. Madrid :
Nombre del editor, distribuidor, etc. Anxelo Novo,
Fecha de publicación, distribución, etc. D.L. 1989.
300 ## - DESCRIPCIÓN FÍSICA
Extensión 208 p. ;
Dimensiones 21 cm.
490 1# - MENCIÓN DE SERIE
Mención de serie Papeles de Borobó ;
Designación de volumen o secuencia 3
650 04 - PUNTO DE ACCESO ADICIONAL DE MATERIA--TÉRMINO DE MATERIA
Término de materia o nombre geográfico como elemento de entrada Políticos-
Subdivisión geográfica España-
Subdivisión cronológica S.XX.
9 (RLIN) 16315
830 0# - PUNTO DE ACCESO ADICIONAL DE SERIE-TÍTULO UNIFORME
Título uniforme Papeles de Borobó ;
Designación de volumen o secuencia 3
9 (RLIN) 177882
852 ## - LOCALIZACIÓN
Ubicación ES-MaACL
Número de control de estantería L-14766
Nota libre . - Dedicatoria autógrafa del autor
Holdings
Estatus retirado Estado de pérdida Estado de daño No para préstamo Biblioteca de origen Biblioteca actual Ubicación en estantería Fecha de adquisición Fuente de adquisición Total de préstamos Signatura topográfica completa Código de barras Visto por última vez Precio de reemplazo Tipo de ítem Koha
        Biblioteca del Ateneo de Madrid Biblioteca del Ateneo de Madrid Depósito 2 17/01/2008     L-14766 1007637 23/02/2023 23/02/2023 Libro impreso